000 00645nam a22002177a 4500
001 GB1295
003 IN-BhIIT
005 20251009125002.0
008 251009b |||||||| |||| 00| 0 eng d
040 _aIN-BhIIT
041 _aeng
082 _a621.31934
_bUNN/E
100 _aUnnikrishnan, A. R.
_eAuthor
_926512
245 _aElectric cables and overhead electrical conductors /
_cA. R. Unnikrishnan.
260 _aNew Delhi :
_bBureau of Indian Standards,
_c2024.
300 _aiv, 52 p. :
_bill. ;
_c28 cm.
650 _aElectric cables
_926513
650 _aCables, Electric
_926514
650 _aElectric conductors
_926515
942 _cGB
999 _c15147
_d15147